| 000 | 00357nam a2200121Ia 4500 | ||
|---|---|---|---|
| 008 | 150202s9999 xx 000 0 und d | ||
| 050 |
_aFIC _bFIC |
||
| 100 | _aMcGrady, Pat Sr. | ||
| 245 | 4 |
_aThe persecuted drug : _bthe story of DMSO / _cPat McGrady Sr. |
|
| 260 |
_aNew York : _bCharter Books, _c1979. |
||
| 300 |
_a312 pages : _c18 cm. |
||
| 650 | _aFiction. | ||
| 999 |
_c282219 _d282219 |
||